Programming the World Wide Web (Record no. 12221)

MARC details
000 -LEADER
fixed length control field 00386nam a22001577a 4500
003 - CONTROL NUMBER IDENTIFIER
control field OSt
008 - FIXED-LENGTH DATA ELEMENTS--GENERAL INFORMATION
fixed length control field 240221b |||||||| |||| 00| 0 eng d
020 ## - INTERNATIONAL STANDARD BOOK NUMBER
International Standard Book Number 9789353946142
082 ## - DEWEY DECIMAL CLASSIFICATION NUMBER
Classification number 005.133 SEP
100 ## - MAIN ENTRY--PERSONAL NAME
Personal name SEBESTA,Robert W
245 ## - TITLE STATEMENT
Title Programming the World Wide Web
250 ## - EDITION STATEMENT
Edition statement 8th Ed
260 ## - PUBLICATION, DISTRIBUTION, ETC. (IMPRINT)
Place of publication, distribution, etc New Delhi
Name of publisher, distributor, etc Pearson Education India
Date of publication, distribution, etc 2023
300 ## - PHYSICAL DESCRIPTION
Extent 712
942 ## - ADDED ENTRY ELEMENTS (KOHA)
Source of classification or shelving scheme Dewey Decimal Classification
Koha item type Text Books
Holdings
Withdrawn status Lost status Source of classification or shelving scheme Damaged status Not for loan Collection code Home library Current library Date acquired Source of acquisition Currency Cost, normal purchase price Bill Number Total Checkouts Full call number Acc. no. / Barcode Date last seen Actual Cost, discounted price Bill Date Koha item type Date last borrowed
    Dewey Decimal Classification     B.Tech(CSE) PIET C-LIBRARY PIET C-LIBRARY 27/01/2024 Zafaa Books and Distributors In rupees 1105.00 ZBD0349   005.133 SEP 35478 21/02/2024 751.40 27/01/2024 Reference Books  
    Dewey Decimal Classification     B.Tech(CSE) PIET C-LIBRARY PIET C-LIBRARY 27/01/2024 Zafaa Books and Distributors In rupees 1105.00 ZBD0349   005.133 SEP 35479 21/02/2024 751.40 27/01/2024 Text Books  
    Dewey Decimal Classification     B.Tech(CSE) PIET C-LIBRARY PIET C-LIBRARY 27/01/2024 Zafaa Books and Distributors In rupees 1105.00 ZBD0349 1 005.133 SEP 35480 20/02/2025 751.40 27/01/2024 Text Books 06/02/2025
    Dewey Decimal Classification     B.Tech(CSE) PIET C-LIBRARY PIET C-LIBRARY 27/01/2024 Zafaa Books and Distributors In rupees 1105.00 ZBD0349 1 005.133 SEP 35481 03/06/2024 751.40 27/01/2024 Text Books 16/05/2024
    Dewey Decimal Classification     B.Tech(CSE) PIET C-LIBRARY PIET C-LIBRARY 27/01/2024 Zafaa Books and Distributors In rupees 1105.00 ZBD0349 1 005.133 SEP 35482 20/02/2025 751.40 27/01/2024 Text Books 06/02/2025

Design & Developed by: PIET Central Library
R70 Miles Stone Pattikalyana Samalkha Panipat 132102
mail ID :- [email protected], Phone No:- 0180-2569700 Ex.216